Catálogo
 En Linea

La agricultura como problema energético : (Registro nro. 12840)

Detalles MARC
000 -CABECERA
campo de control de longitud fija 00668cam a2200205 a 4500
001 - NÚMERO DE CONTROL
campo de control 000013201
003 - IDENTIFICADOR DEL NÚMERO DE CONTROL
campo de control OSt
005 - FECHA Y HORA DE LA ÚLTIMA TRANSACCIÓN
campo de control 20200929163150.0
008 - DATOS DE LONGITUD FIJA--INFORMACIÓN GENERAL
campo de control de longitud fija 851205s1983 ve a b 001 0 spa
040 ## - FUENTE DE LA CATALOGACIÓN
Centro catalogador/agencia de origen DO-SdBNP
Lengua de catalogación spa
Centro/agencia transcriptor BNPHU
082 ## - NÚMERO DE LA CLASIFICACIÓN DECIMAL DEWEY
Número de clasificación 333.792
Número de documento/Ítem S447a
100 1# - ENTRADA PRINCIPAL--NOMBRE DE PERSONA
Nombre de persona Sedek León, José,
Fechas asociadas al nombre 1944-
9 (RLIN) 30281
245 13 - MENCIÓN DE TÍTULO
Título La agricultura como problema energético :
Resto del título elementos para el análisis de una nueva agricultura /
Mención de responsabilidad, etc. José Sedek León.
260 ## - PUBLICACIÓN, DISTRIBUCIÓN, ETC.
Lugar de publicación, distribución, etc. [Caracas], (Venezuela) :
Nombre del editor, distribuidor, etc. Metrópolis,
Fecha de publicación, distribución, etc. 1983.
300 ## - DESCRIPCIÓN FÍSICA
Extensión 136 p. :
Otras características físicas il. ;
Dimensiones 22 cm.
504 ## - NOTA DE BIBLIOGRAFÍA, ETC.
Nota de bibliografía, etc. Bibliografía: p. 129-134.
650 #4 - PUNTO DE ACCESO ADICIONAL DE MATERIA--TÉRMINO DE MATERIA
Término de materia o nombre geográfico como elemento de entrada Agricultura y energía
9 (RLIN) 30282
942 ## - ELEMENTOS DE PUNTO DE ACCESO ADICIONAL (KOHA)
Fuente del sistema de clasificación o colocación Dewey Decimal Classification
Tipo de ítem Koha Libros y folletos
956 ## - LOCALIZACIÓN Y ACCESO ELECTRÓNICOS LOCAL (OCLC)
Nombre del host LOPEREZ
Existencias
Estado de retiro Estado de pérdida Fuente del sistema de clasificación o colocación Restricciones de uso No para préstamo Código de colección Localización permanente Ubicación/localización actual Ubicación en estantería Fecha de adquisición Número de inventario Total de préstamos Signatura topográfica completa Código de barras Fecha visto por última vez Precio válido a partir de Tipo de ítem Koha Número de copia
    Dewey Decimal Classification Préstamo interno   Monografías: Libros y Folletos General General En catalogación 20.11.2009 LF1   333.792 S447a 13201-10 25.06.2020 25.06.2020 Préstamo interno  
  Extraviado     Excluido de préstamo Monografías: Libros y Folletos General General Extraviado 11.04.2017 LF1   333.792 S447a 13201-20 25.06.2020 25.06.2020 No se presta e. 2

Con tecnología Koha